000 00909nam a2200253 a 4500
005 20150921114134.0
008 130621b xxu||||| |||| 00| 0 eng d
040 _cIAVH
_aCO-BoIAVH
041 _aspa
082 _a574.52 C718c
_bC718c
100 _aAguilar P., Mauricio
_939070
245 _aColombia diversidad biótica III
_bLa región de vida paramuna
260 _aBogotá
_bICN
_bINDERENA
_c1995
300 _a4 vol.
650 _aClima
_939071
650 _aPáramo
_939072
662 _aColombia
_cParque Nacional Natural La Macarena
_bAmazonas
662 _aColombia
_cParque Nacional Natural Amacayacu
_bAmazonas
662 _aColombia
_cParque Nacional Natural Los Nevados
_bCaldas, Risaralda, Quindío y Tolima
662 _aColombia
_cParque Nacional Natural Tayrona
_bMagdalena
700 _aRangel Ch., J. Orlando
_939073
700 _aEstrada Montes, Catalina
_939074
942 _cARTICULO
_2ddc
_01
999 _c437
_d437